[Event "Villarobledo Online Qualifyer"]
[Site "playchess.com #155672"]
[Date "2009.05.23"]
[Round "11"]
[White "Orzechowski_Jac"]
[Black "Master of poker"]
[Result "1-0"]
[WhiteElo "2227"]
[BlackElo "2447"]
[PlyCount "109"]
[EventDate "2009.05.23"]
[EventType "swiss (blitz)"]

1. c4 {[%emt 0:00:07]} Nf6 {[%emt 0:00:03]} 2. Nc3 {[%emt 0:00:01]} c6 {[%emt
0:00:02]} 3. e4 {[%emt 0:00:01]} d5 {[%emt 0:00:01]} 4. exd5 {[%emt 0:00:06]}
cxd5 {[%emt 0:00:01]} 5. d4 {[%emt 0:00:00]} Nc6 {[%emt 0:00:04]} 6. Nf3 {
[%emt 0:00:02]} Bg4 {[%emt 0:00:01]} 7. cxd5 {[%emt 0:00:01]} Nxd5 {[%emt 0:00:
01]} 8. Qb3 {[%emt 0:00:01]} Bxf3 {[%emt 0:00:01]} 9. gxf3 {[%emt 0:00:02]} e6
{[%emt 0:00:15]} 10. Qxb7 {[%emt 0:00:18]} Rc8 {[%emt 0:00:46]} 11. Nxd5 {
[%emt 0:00:29]} exd5 {[%emt 0:00:09]} 12. Bb5 {[%emt 0:00:11]} Bb4+ {[%emt 0:
00:02]} 13. Kf1 {[%emt 0:00:12]} O-O {[%emt 0:01:13]} 14. Bxc6 {[%emt 0:00:04]}
a5 {[%emt 0:00:12]} 15. a3 {[%emt 0:00:31]} Bd6 {[%emt 0:00:19]} 16. Qd7 {
[%emt 0:00:09]} Qf6 {[%emt 0:00:05]} 17. Bxd5 {[%emt 0:00:07]} Rcd8 {[%emt 0:
00:11]} 18. Qg4 {[%emt 0:00:10] .} h5 {[%emt 0:00:01]} 19. Qxh5 {[%emt 0:00:16]
} Qxd4 {[%emt 0:00:01]} 20. Be4 {[%emt 0:00:09]} g6 {[%emt 0:00:04]} 21. Qb5 {
[%emt 0:00:17]} Qd1+ {[%emt 0:00:05]} 22. Kg2 {[%emt 0:00:01]} Qd4 {[%emt 0:00:
02]} 23. Be3 {[%emt 0:00:02]} Qf6 {[%emt 0:00:01]} 24. Qg5 {[%emt 0:00:03]} Qg7
{[%emt 0:00:01]} 25. Rad1 {[%emt 0:00:03]} Be5 {[%emt 0:00:02]} 26. b4 {[%emt
0:00:02]} Bf6 {[%emt 0:00:01]} 27. Qxa5 {[%emt 0:00:02]} Rde8 {[%emt 0:00:02]}
28. Bc5 {[%emt 0:00:03]} Re5 {[%emt 0:00:00]} 29. Qc7 {[%emt 0:00:05]} Rfe8 {
[%emt 0:00:01]} 30. Bd4 {[%emt 0:00:04]} Rg5+ {[%emt 0:00:02]} 31. Kf1 {[%emt
0:00:02]} Bxd4 {[%emt 0:00:01]} 32. Qd7 {[%emt 0:00:02]} Rge5 {[%emt 0:00:09]}
33. Qxd4 {[%emt 0:00:03]} Qh6 {[%emt 0:00:01]} 34. Qd7 {[%emt 0:00:04]} Qh4 {
[%emt 0:00:01]} 35. Rg1 {[%emt 0:00:08]} Qf6 {[%emt 0:00:01]} 36. Qg4 {[%emt 0:
00:02]} Qa6+ {[%emt 0:00:01]} 37. Kg2 {[%emt 0:00:02]} Kg7 {[%emt 0:00:02]} 38.
Kh1 {[%emt 0:00:01]} R8e6 {[%emt 0:00:01]} 39. Qg3 {[%emt 0:00:01]} Rh5 {[%emt
0:00:02]} 40. Bd3 {[%emt 0:00:02]} Qxa3 {[%emt 0:00:03]} 41. f4 {[%emt 0:00:01]
} Qxb4 {[%emt 0:00:04]} 42. f5 {[%emt 0:00:01]} Qb7+ {[%emt 0:00:02]} 43. f3 {
[%emt 0:00:02]} Re3 {[%emt 0:00:01]} 44. Be4 {[%emt 0:00:02]} Qe7 {[%emt 0:00:
05]} 45. fxg6 {[%emt 0:00:02]} f5 {[%emt 0:00:00]} 46. Bc6 {[%emt 0:00:03]} Re2
{[%emt 0:00:01]} 47. Rd7 {[%emt 0:00:02]} f4 {[%emt 0:00:04]} 48. Rxe7+ {[%emt
0:00:01]} Rxe7 {[%emt 0:00:00]} 49. Qxf4 {[%emt 0:00:01]} Rhe5 {[%emt 0:00:02]}
50. Qg4 {[%emt 0:00:02]} Re2 {[%emt 0:00:02]} 51. Be4 {[%emt 0:00:01]} Rf2 {
[%emt 0:00:01]} 52. Qh4 {[%emt 0:00:02]} Re8 {[%emt 0:00:02]} 53. Qxf2 {[%emt
0:00:01]} Rh8 {[%emt 0:00:02]} 54. Qd4+ {[%emt 0:00:01]} Kh6 {[%emt 0:00:01]}
55. Qxh8# {[%emt 0:00:01]} 1-0

[Event "Villarobledo Online Qualifyer"]
[Site "playchess.com #155672"]
[Date "2009.05.23"]
[Round "11"]
[White "Unicorn"]
[Black "Africanchamp"]
[Result "1-0"]
[WhiteElo "2581"]
[BlackElo "2894"]
[PlyCount "115"]
[EventDate "2009.05.23"]
[EventType "swiss (blitz)"]

1. d4 {[%emt 0:00:01]} Nf6 {[%emt 0:00:01]} 2. c4 {[%emt 0:00:01]} e6 {[%emt 0:
00:01]} 3. Nc3 {[%emt 0:00:01]} Bb4 {[%emt 0:00:03]} 4. e3 {[%emt 0:00:07]} O-O
{[%emt 0:00:02]} 5. Nge2 {[%emt 0:00:02]} d5 {[%emt 0:00:03]} 6. a3 {[%emt 0:
00:03]} Be7 {[%emt 0:00:01]} 7. cxd5 {[%emt 0:00:08]} exd5 {[%emt 0:00:02]} 8.
g3 {[%emt 0:00:01]} c6 {[%emt 0:00:02]} 9. Bg2 {[%emt 0:00:10]} h6 {[%emt 0:00:
02]} 10. O-O {[%emt 0:00:05]} Bf5 {[%emt 0:00:02]} 11. f3 {[%emt 0:00:08]} Bh7
{[%emt 0:00:09]} 12. e4 {[%emt 0:00:07]} dxe4 {[%emt 0:00:17]} 13. fxe4 {[%emt
0:00:00]} Na6 {[%emt 0:00:24]} 14. e5 {[%emt 0:00:05]} Nd7 {[%emt 0:00:01]} 15.
Be3 {[%emt 0:00:07]} Nb6 {[%emt 0:00:04]} 16. b3 {[%emt 0:00:09]} Nc7 {[%emt 0:
00:03]} 17. Nf4 {[%emt 0:00:07]} a5 {[%emt 0:00:11]} 18. Qg4 {[%emt 0:00:09]}
Qc8 {[%emt 0:00:10]} 19. Qxc8 {[%emt 0:00:20]} Raxc8 {[%emt 0:00:02]} 20. d5 {
[%emt 0:00:21]} Nbxd5 {[%emt 0:00:04]} 21. Ncxd5 {[%emt 0:00:02]} Nxd5 {[%emt
0:00:02]} 22. Nxd5 {[%emt 0:00:02]} cxd5 {[%emt 0:00:01]} 23. Bxd5 {[%emt 0:00:
00] Unicorn offers a draw} Rc3 {[%emt 0:00:12]} 24. Bb6 {[%emt 0:00:11]} Bg6 {
[%emt 0:00:16]} 25. Rac1 {[%emt 0:00:12]} Rd3 {[%emt 0:00:06]} 26. Bc4 {[%emt
0:00:04]} Rd2 {[%emt 0:00:01]} 27. Rcd1 {[%emt 0:00:05]} Ra2 {[%emt 0:00:07]}
28. Rd7 {[%emt 0:00:02]} Bxa3 {[%emt 0:00:03]} 29. e6 {[%emt 0:00:29]} fxe6 {
[%emt 0:00:05]} 30. Bxe6+ {[%emt 0:00:01]} Kh7 {[%emt 0:00:01]} 31. Rxf8 {
[%emt 0:00:05]} Bxf8 {[%emt 0:00:01]} 32. Rd8 {[%emt 0:00:01]} Be7 {[%emt 0:00:
12]} 33. Rb8 {[%emt 0:00:05]} Be4 {[%emt 0:00:02]} 34. Re8 {[%emt 0:00:11]} Bf6
{[%emt 0:00:07]} 35. Bg8+ {[%emt 0:00:14]} Kg6 {[%emt 0:00:01]} 36. Rxe4 {
[%emt 0:00:01]} Rb2 {[%emt 0:00:03]} 37. Bd4 {[%emt 0:00:03]} Rb1+ {[%emt 0:00:
07]} 38. Kg2 {[%emt 0:00:01]} Bg5 {[%emt 0:00:01]} 39. Re2 {[%emt 0:00:03]} Rd1
{[%emt 0:00:03]} 40. Bb6 {[%emt 0:00:02]} Ra1 {[%emt 0:00:14]} 41. h4 {[%emt 0:
00:04]} Bf6 {[%emt 0:00:03]} 42. Bc4 {[%emt 0:00:02]} Bc3 {[%emt 0:00:05]} 43.
g4 {[%emt 0:00:03]} Kf6 {[%emt 0:00:04]} 44. Bd8+ {[%emt 0:00:01]} Kg6 {[%emt
0:00:02]} 45. h5+ {[%emt 0:00:01]} Kh7 {[%emt 0:00:01]} 46. Bd3+ {[%emt 0:00:
01]} Kg8 {[%emt 0:00:01]} 47. Bg6 {[%emt 0:00:03]} Re1 {[%emt 0:00:02]} 48.
Rxe1 {[%emt 0:00:01]} Bxe1 {[%emt 0:00:01]} 49. Bb6 {[%emt 0:00:02]} Kf8 {
[%emt 0:00:02]} 50. Be4 {[%emt 0:00:02]} Ke7 {[%emt 0:00:02]} 51. Bxb7 {[%emt
0:00:01]} Kf6 {[%emt 0:00:01]} 52. Kf3 {[%emt 0:00:02]} g6 {[%emt 0:00:05]} 53.
Bd4+ {[%emt 0:00:01]} Kg5 {[%emt 0:00:01]} 54. Be3+ {[%emt 0:00:02]} Kf6 {
[%emt 0:00:01]} 55. Bxh6 {[%emt 0:00:02]} g5 {[%emt 0:00:00]} 56. Bf8 {[%emt 0:
00:03]} Bc3 {[%emt 0:00:02]} 57. Bc5 {[%emt 0:00:02]} Ke6 {[%emt 0:00:02]} 58.
Ke4 {[%emt 0:00:01] Africanchamp resigns} 1-0

[Event "Villarobledo Online Qualifyer"]
[Site "playchess.com #155672"]
[Date "2009.05.23"]
[Round "11"]
[White "Kendo"]
[Black "Yang Guo"]
[Result "1/2-1/2"]
[WhiteElo "2734"]
[BlackElo "2843"]
[PlyCount "123"]
[EventDate "2009.05.23"]
[EventType "swiss (blitz)"]

1. c4 {[%emt 0:00:03]} Nc6 {[%emt 0:00:02]} 2. g3 {[%emt 0:00:01]} e5 {[%emt 0:
00:02]} 3. Bg2 {[%emt 0:00:01]} g6 {[%emt 0:00:03]} 4. Nc3 {[%emt 0:00:01]} Bg7
{[%emt 0:00:00]} 5. e4 {[%emt 0:00:03]} d6 {[%emt 0:00:01]} 6. Nge2 {[%emt 0:
00:01]} f5 {[%emt 0:00:01]} 7. d3 {[%emt 0:00:02]} Nf6 {[%emt 0:00:00]} 8. O-O
{[%emt 0:00:01]} O-O {[%emt 0:00:00]} 9. h3 {[%emt 0:00:03]} f4 {[%emt 0:00:11]
} 10. gxf4 {[%emt 0:00:03]} Nh5 {[%emt 0:00:01]} 11. fxe5 {[%emt 0:00:07]} dxe5
{[%emt 0:00:00]} 12. Nd5 {[%emt 0:00:27]} Be6 {[%emt 0:00:36]} 13. f4 {[%emt 0:
00:15]} exf4 {[%emt 0:00:14]} 14. Ndxf4 {[%emt 0:00:10]} Nxf4 {[%emt 0:00:03]}
15. Nxf4 {[%emt 0:00:06]} Bf7 {[%emt 0:00:02]} 16. Be3 {[%emt 0:00:13]} Bxb2 {
[%emt 0:00:16]} 17. Rb1 {[%emt 0:00:01]} Bd4 {[%emt 0:00:00]} 18. Qd2 {[%emt 0:
00:04]} Ne5 {[%emt 0:00:08]} 19. Nd5 {[%emt 0:00:09]} Bxe3+ {[%emt 0:00:07]}
20. Qxe3 {[%emt 0:00:08]} c6 {[%emt 0:00:01]} 21. Nf6+ {[%emt 0:00:15]} Kg7 {
[%emt 0:00:03]} 22. Rxb7 {[%emt 0:00:12]} Qxd3 {[%emt 0:00:12]} 23. Qg5 {[%emt
0:00:44]} Qd4+ {[%emt 0:00:03]} 24. Kh1 {[%emt 0:00:02]} h6 {[%emt 0:00:37] '}
25. Qg3 {[%emt 0:00:17]} Rad8 {[%emt 0:00:16]} 26. Ng4 {[%emt 0:00:12]} Nxg4 {
[%emt 0:00:12]} 27. Qxg4 {[%emt 0:00:00]} Qe5 {[%emt 0:00:09]} 28. Qf3 {[%emt
0:00:04]} Qe6 {[%emt 0:00:03]} 29. Rxa7 {[%emt 0:00:03]} Qxc4 {[%emt 0:00:05]}
30. Qf6+ {[%emt 0:00:04]} Kg8 {[%emt 0:00:02]} 31. e5 {[%emt 0:00:02]} Rd3 {
[%emt 0:00:11]} 32. e6 {[%emt 0:00:04]} Qxe6 {[%emt 0:00:02]} 33. Qxe6 {[%emt
0:00:01]} Bxe6 {[%emt 0:00:00]} 34. Rxf8+ {[%emt 0:00:03]} Kxf8 {[%emt 0:00:00]
} 35. Kh2 {[%emt 0:00:03]} Rd2 {[%emt 0:00:02]} 36. Kg3 {[%emt 0:00:02]} c5 {
[%emt 0:00:07]} 37. a4 {[%emt 0:00:01]} c4 {[%emt 0:00:01]} 38. Be4 {[%emt 0:
00:04]} g5 {[%emt 0:00:05]} 39. Rc7 {[%emt 0:00:01]} Re2 {[%emt 0:00:02]} 40.
Bf3 {[%emt 0:00:04]} Re3 {[%emt 0:00:01]} 41. Kf2 {[%emt 0:00:01]} Ra3 {[%emt
0:00:01]} 42. Bg4 {[%emt 0:00:01]} Bxg4 {[%emt 0:00:02]} 43. hxg4 {[%emt 0:00:
00]} Rxa4 {[%emt 0:00:00]} 44. Ke3 {[%emt 0:00:04]} Ra3+ {[%emt 0:00:01]} 45.
Ke4 {[%emt 0:00:01]} c3 {[%emt 0:00:08]} 46. Kf5 {[%emt 0:00:02]} Ke8 {[%emt 0:
00:08]} 47. Kg6 {[%emt 0:00:01]} Kd8 {[%emt 0:00:01]} 48. Rc4 {[%emt 0:00:01]}
Ra6+ {[%emt 0:00:05]} 49. Kh5 {[%emt 0:00:02]} Ke7 {[%emt 0:00:02]} 50. Rxc3 {
[%emt 0:00:02]} Re6 {[%emt 0:00:00]} 51. Rc7+ {[%emt 0:00:01]} Kd6 {[%emt 0:00:
01]} 52. Rh7 {[%emt 0:00:02]} Ke5 {[%emt 0:00:01]} 53. Rxh6 {[%emt 0:00:02]}
Rxh6+ {[%emt 0:00:01]} 54. Kxh6 {[%emt 0:00:00]} Kf6 {[%emt 0:00:01]} 55. Kh5 {
[%emt 0:00:01]} Kf7 {[%emt 0:00:01]} 56. Kxg5 {[%emt 0:00:01]} Kg7 {[%emt 0:00:
01]} 57. Kf5 {[%emt 0:00:01]} Kf7 {[%emt 0:00:01]} 58. g5 {[%emt 0:00:00]} Kg7
{[%emt 0:00:01]} 59. g6 {[%emt 0:00:00]} Kg8 {[%emt 0:00:00]} 60. Kf6 {[%emt 0:
00:01]} Kf8 {[%emt 0:00:01]} 61. g7+ {[%emt 0:00:00]} Kg8 {[%emt 0:00:01]} 62.
Kg6 {[%emt 0:00:00]} 1/2-1/2

[Event "Villarobledo Online Qualifyer"]
[Site "playchess.com #155672"]
[Date "2009.05.23"]
[Round "11"]
[White "Clocktower"]
[Black "Cemcakan3"]
[Result "0-1"]
[WhiteElo "2085"]
[BlackElo "2177"]
[PlyCount "120"]
[EventDate "2009.05.23"]
[EventType "swiss (blitz)"]

1. e4 {[%emt 0:00:02]} c6 {[%emt 0:00:01]} 2. d4 {[%emt 0:00:01]} d5 {[%emt 0:
00:01]} 3. exd5 {[%emt 0:00:00]} cxd5 {[%emt 0:00:01]} 4. c4 {[%emt 0:00:00]}
Nf6 {[%emt 0:00:01]} 5. Nc3 {[%emt 0:00:01]} e6 {[%emt 0:00:00]} 6. Nf3 {[%emt
0:00:00]} Be7 {[%emt 0:00:00]} 7. cxd5 {[%emt 0:00:01]} Nxd5 {[%emt 0:00:00]}
8. Bd3 {[%emt 0:00:01]} Nc6 {[%emt 0:00:01]} 9. a3 {[%emt 0:00:01]} O-O {[%emt
0:00:01]} 10. h4 {[%emt 0:00:01]} Bf6 {[%emt 0:00:02]} 11. Be4 {[%emt 0:00:02]}
Nce7 {[%emt 0:00:06] Cemcakan3 claims win on disconnect} 12. Bxh7+ {[%emt 0:00:
43]} Kxh7 {[%emt 0:00:09]} 13. Ng5+ {[%emt 0:00:01]} Kg8 {[%emt 0:00:18]} 14.
Qh5 {[%emt 0:00:03]} Bxg5 {[%emt 0:00:02]} 15. hxg5 {[%emt 0:00:00]} f6 {[%emt
0:00:14]} 16. g6 {[%emt 0:00:13]} Nxg6 {[%emt 0:00:09]} 17. Qxg6 {[%emt 0:00:
05]} Ne7 {[%emt 0:00:08]} 18. Qh7+ {[%emt 0:00:14]} Kf7 {[%emt 0:00:01]} 19.
Be3 {[%emt 0:00:07]} Ng6 {[%emt 0:00:06]} 20. Qh2 {[%emt 0:00:28] Clocktower
bietet Remis} Rh8 {[%emt 0:00:05]} 21. Qg1 {[%emt 0:00:01]} Rxh1 {[%emt 0:00:
05]} 22. Qxh1 {[%emt 0:00:00]} Bd7 {[%emt 0:00:38]} 23. O-O-O {[%emt 0:00:02]}
Qc7 {[%emt 0:00:06]} 24. Kb1 {[%emt 0:00:08]} b5 {[%emt 0:00:02]} 25. d5 {
[%emt 0:00:03]} e5 {[%emt 0:00:17]} 26. d6 {[%emt 0:00:03]} Qc6 {[%emt 0:00:05]
} 27. g3 {[%emt 0:00:11]} Qxh1 {[%emt 0:00:10]} 28. Rxh1 {[%emt 0:00:00]} a5 {
[%emt 0:00:07]} 29. Nd5 {[%emt 0:00:11]} Bc6 {[%emt 0:00:04]} 30. Rd1 {[%emt 0:
00:05]} Bxd5 {[%emt 0:00:13]} 31. Rxd5 {[%emt 0:00:00]} Ke6 {[%emt 0:00:10]}
32. Rxb5 {[%emt 0:00:02]} Kxd6 {[%emt 0:00:01]} 33. Rb7 {[%emt 0:00:09]} Ne7 {
[%emt 0:00:04]} 34. b4 {[%emt 0:00:20]} axb4 {[%emt 0:00:02]} 35. axb4 {[%emt
0:00:00]} Ke6 {[%emt 0:00:01]} 36. Bc5 {[%emt 0:00:04]} Nf5 {[%emt 0:00:15]}
37. g4 {[%emt 0:00:04]} Nd4 {[%emt 0:00:13]} 38. Bxd4 {[%emt 0:00:12]} exd4 {
[%emt 0:00:01]} 39. Rxg7 {[%emt 0:00:01]} Rb8 {[%emt 0:00:03]} 40. Kc2 {[%emt
0:00:03] Clocktower bietet Remis} Rxb4 {[%emt 0:00:01]} 41. Kd3 {[%emt 0:00:03]
} Ke5 {[%emt 0:00:05]} 42. Re7+ {[%emt 0:00:13]} Kf4 {[%emt 0:00:05]} 43. Re4+
{[%emt 0:00:14] .} Kf3 {[%emt 0:00:01]} 44. Re2 {[%emt 0:00:13]} Kxg4 {[%emt 0:
00:01]} 45. Kd2 {[%emt 0:00:03]} Kf3 {[%emt 0:00:02]} 46. Re8 {[%emt 0:00:00]}
Kxf2 {[%emt 0:00:03]} 47. Rf8 {[%emt 0:00:00]} Rb6 {[%emt 0:00:01]} 48. Kd3 {
[%emt 0:00:00]} Rd6 {[%emt 0:00:02]} 49. Rf7 {[%emt 0:00:01]} Kf3 {[%emt 0:00:
01]} 50. Re7 {[%emt 0:00:01]} f5 {[%emt 0:00:02]} 51. Re1 {[%emt 0:00:04]} f4 {
[%emt 0:00:01]} 52. Rf1+ {[%emt 0:00:00]} Kg3 {[%emt 0:00:01]} 53. Rg1+ {[%emt
0:00:01]} Kf2 {[%emt 0:00:01]} 54. Rh1 {[%emt 0:00:02]} f3 {[%emt 0:00:01]} 55.
Rh2+ {[%emt 0:00:00]} Kg1 {[%emt 0:00:03]} 56. Rh8 {[%emt 0:00:02]} f2 {[%emt
0:00:02]} 57. Rg8+ {[%emt 0:00:00]} Kf1 {[%emt 0:00:00]} 58. Rf8 {[%emt 0:00:
02]} Rg6 {[%emt 0:00:08]} 59. Kxd4 {[%emt 0:00:03]} Kg1 {[%emt 0:00:01]} 60.
Rg8 {[%emt 0:00:08]} Rxg8 {[%emt 0:00:02] Clocktower gibt auf} 0-1

[Event "Villarobledo Online Qualifyer"]
[Site "playchess.com #155672"]
[Date "2009.05.23"]
[Round "11"]
[White "Fotros"]
[Black "Kingsize"]
[Result "1-0"]
[WhiteElo "1772"]
[BlackElo "1482"]
[PlyCount "109"]
[EventDate "2009.05.23"]
[EventType "swiss (blitz)"]

1. e4 {[%emt 0:00:03]} e5 {[%emt 0:00:01]} 2. d4 {[%emt 0:00:03]} exd4 {[%emt
0:00:02]} 3. Qxd4 {[%emt 0:00:01]} Nc6 {[%emt 0:00:03]} 4. Qe3 {[%emt 0:00:01]}
d6 {[%emt 0:00:01]} 5. Nc3 {[%emt 0:00:31]} Nf6 {[%emt 0:00:03]} 6. Bd2 {[%emt
0:00:01]} Be7 {[%emt 0:00:01]} 7. O-O-O {[%emt 0:00:03]} O-O {[%emt 0:00:02]}
8. f3 {[%emt 0:00:01]} a6 {[%emt 0:00:02]} 9. g4 {[%emt 0:00:01]} b5 {[%emt 0:
00:03]} 10. g5 {[%emt 0:00:02]} Ne8 {[%emt 0:00:02]} 11. h4 {[%emt 0:00:16]}
Ne5 {[%emt 0:00:07]} 12. f4 {[%emt 0:00:17]} Nc4 {[%emt 0:00:07]} 13. Bxc4 {
[%emt 0:00:02]} bxc4 {[%emt 0:00:02]} 14. Nf3 {[%emt 0:00:14]} Bd7 {[%emt 0:00:
10]} 15. Rdg1 {[%emt 0:00:11]} c6 {[%emt 0:00:02]} 16. f5 {[%emt 0:00:05]} Qc7
{[%emt 0:00:12]} 17. h5 {[%emt 0:00:11]} Rb8 {[%emt 0:00:26]} 18. h6 {[%emt 0:
00:50]} g6 {[%emt 0:00:06]} 19. fxg6 {[%emt 0:00:02]} fxg6 {[%emt 0:00:02]} 20.
e5 {[%emt 0:00:07]} Qb6 {[%emt 0:00:11]} 21. Qxb6 {[%emt 0:00:14]} Rxb6 {[%emt
0:00:02]} 22. exd6 {[%emt 0:00:09]} Bxd6 {[%emt 0:00:11]} 23. Nd4 {[%emt 0:00:
09]} c5 {[%emt 0:00:23] '} 24. Nde2 {[%emt 0:00:06]} Bf5 {[%emt 0:00:08]} 25.
Ng3 {[%emt 0:00:03]} Bxg3 {[%emt 0:00:06]} 26. Rxg3 {[%emt 0:00:02]} Nd6 {
[%emt 0:00:02]} 27. Nd5 {[%emt 0:00:02]} Rb7 {[%emt 0:00:05]} 28. Nf6+ {[%emt
0:00:03]} Kh8 {[%emt 0:00:02]} 29. Bc3 {[%emt 0:00:03]} Rxf6 {[%emt 0:00:10]}
30. Bxf6+ {[%emt 0:00:03]} Kg8 {[%emt 0:00:03]} 31. Re1 {[%emt 0:00:02]} Ne4 {
[%emt 0:00:01]} 32. Rge3 {[%emt 0:00:02]} c3 {[%emt 0:00:21]} 33. bxc3 {[%emt
0:00:02]} Rb8 {[%emt 0:00:07]} 34. Rxe4 {[%emt 0:00:02]} Bxe4 {[%emt 0:00:01]}
35. Rxe4 {[%emt 0:00:01]} Rc8 {[%emt 0:00:03]} 36. Re6 {[%emt 0:00:02]} a5 {
[%emt 0:00:02]} 37. Ra6 {[%emt 0:00:01]} c4 {[%emt 0:00:04]} 38. Rxa5 {[%emt 0:
00:01]} Re8 {[%emt 0:00:02]} 39. Ra7 {[%emt 0:00:02]} Rc8 {[%emt 0:00:03]} 40.
Rg7+ {[%emt 0:00:02]} Kf8 {[%emt 0:00:01]} 41. Rxh7 {[%emt 0:00:01]} Rc5 {
[%emt 0:00:02]} 42. Rg7 {[%emt 0:00:03]} Ra5 {[%emt 0:00:04]} 43. Rxg6 {[%emt
0:00:01]} Rxa2 {[%emt 0:00:02]} 44. h7 {[%emt 0:00:01]} Kf7 {[%emt 0:00:06]}
45. Rg7+ {[%emt 0:00:02]} Ke6 {[%emt 0:00:02]} 46. h8=Q {[%emt 0:00:01]} Ra1+ {
[%emt 0:00:01]} 47. Kb2 {[%emt 0:00:02]} Rf1 {[%emt 0:00:02]} 48. Qh3+ {[%emt
0:00:05]} Kd5 {[%emt 0:00:08]} 49. Rd7+ {[%emt 0:00:04]} Kc6 {[%emt 0:00:02]}
50. Rd2 {[%emt 0:00:04]} Kc5 {[%emt 0:00:02]} 51. Qxf1 {[%emt 0:00:02]} Kc6 {
[%emt 0:00:02]} 52. Qxc4+ {[%emt 0:00:01]} Kb6 {[%emt 0:00:02]} 53. Rd5 {[%emt
0:00:01]} Kb7 {[%emt 0:00:02]} 54. Rb5+ {[%emt 0:00:01]} Ka6 {[%emt 0:00:02]}
55. Qa4# {[%emt 0:00:01]} 1-0

[Event "Villarobledo Online Qualifyer"]
[Site "playchess.com #155672"]
[Date "2009.05.23"]
[Round "11"]
[White "Necromant"]
[Black "Moe der Beste"]
[Result "1-0"]
[WhiteElo "2571"]
[BlackElo "2238"]
[PlyCount "137"]
[EventDate "2009.05.23"]
[EventType "swiss (blitz)"]

1. e4 {[%emt 0:00:03]} e6 {[%emt 0:00:01]} 2. d4 {[%emt 0:00:01]} d5 {[%emt 0:
00:00]} 3. Nc3 {[%emt 0:00:01]} Bb4 {[%emt 0:00:01]} 4. e5 {[%emt 0:00:01]} c5
{[%emt 0:00:01]} 5. a3 {[%emt 0:00:00]} Bxc3+ {[%emt 0:00:01]} 6. bxc3 {[%emt
0:00:00]} Nc6 {[%emt 0:00:00]} 7. Qg4 {[%emt 0:00:02]} Nge7 {[%emt 0:00:00]} 8.
Qxg7 {[%emt 0:00:06]} Rg8 {[%emt 0:00:01]} 9. Qxh7 {[%emt 0:00:01]} cxd4 {
[%emt 0:00:00]} 10. Ne2 {[%emt 0:00:11]} dxc3 {[%emt 0:00:03]} 11. f4 {[%emt 0:
00:01]} Qa5 {[%emt 0:00:01]} 12. Rb1 {[%emt 0:00:12]} b6 {[%emt 0:00:04]} 13.
Qd3 {[%emt 0:00:04]} Nf5 {[%emt 0:00:07]} 14. Qxc3 {[%emt 0:00:07]} Qxc3+ {
[%emt 0:00:01]} 15. Nxc3 {[%emt 0:00:01]} Ncd4 {[%emt 0:00:02]} 16. Rb2 {[%emt
0:00:18]} Bd7 {[%emt 0:00:08]} 17. g3 {[%emt 0:00:02]} Rc8 {[%emt 0:00:02]} 18.
Bd2 {[%emt 0:00:01]} Nf3+ {[%emt 0:00:04]} 19. Kd1 {[%emt 0:00:09]} N5d4 {
[%emt 0:00:04]} 20. Ne2 {[%emt 0:00:17]} Nxc2 {[%emt 0:00:16]} 21. Nc3 {[%emt
0:00:31]} Ncd4 {[%emt 0:00:10]} 22. Ba6 {[%emt 0:00:06]} Rc7 {[%emt 0:00:09]}
23. Nb5 {[%emt 0:00:16]} Nxb5 {[%emt 0:00:04]} 24. Bxb5 {[%emt 0:00:01]} Rh8 {
[%emt 0:00:20]} 25. h4 {[%emt 0:00:07]} Bxb5 {[%emt 0:00:02]} 26. Rxb5 {[%emt
0:00:02]} Nd4 {[%emt 0:00:01]} 27. Rb2 {[%emt 0:00:15]} Nf5 {[%emt 0:00:01]}
28. Rb3 {[%emt 0:00:05]} Rc4 {[%emt 0:00:07]} 29. Rd3 {[%emt 0:00:12]} Rg8 {
[%emt 0:00:08]} 30. Rh3 {[%emt 0:00:04]} Kd7 {[%emt 0:00:09]} 31. Ke2 {[%emt 0:
00:04]} Nd4+ {[%emt 0:00:04]} 32. Kf2 {[%emt 0:00:03]} Nf5 {[%emt 0:00:03]} 33.
Bc3 {[%emt 0:00:06]} Rgc8 {[%emt 0:00:03]} 34. Bd2 {[%emt 0:00:01]} Rg8 {[%emt
0:00:05]} 35. h5 {[%emt 0:00:02]} Nh6 {[%emt 0:00:01]} 36. Kf3 {[%emt 0:00:03]}
b5 {[%emt 0:00:15]} 37. Rh4 {[%emt 0:00:03]} Nf5 {[%emt 0:00:11]} 38. Rg4 {
[%emt 0:00:03]} Rh8 {[%emt 0:00:01]} 39. Rg5 {[%emt 0:00:02]} Nd4+ {[%emt 0:00:
06]} 40. Ke3 {[%emt 0:00:03]} Nc2+ {[%emt 0:00:01]} 41. Kf2 {[%emt 0:00:02]}
Re4 {[%emt 0:00:02]} 42. g4 {[%emt 0:00:05]} Nd4 {[%emt 0:00:07]} 43. Be3 {
[%emt 0:00:02]} Nc2 {[%emt 0:00:04]} 44. Bxa7 {[%emt 0:00:02]} Rxf4+ {[%emt 0:
00:02]} 45. Kg3 {[%emt 0:00:01]} Ra4 {[%emt 0:00:11]} 46. Bc5 {[%emt 0:00:01]}
Rc8 {[%emt 0:00:03]} 47. Bd6 {[%emt 0:00:01]} Ne1 {[%emt 0:00:04]} 48. Re3 {
[%emt 0:00:03]} Nc2 {[%emt 0:00:04]} 49. Rf3 {[%emt 0:00:01]} Ne1 {[%emt 0:00:
12]} 50. Rxf7+ {[%emt 0:00:01]} Kc6 {[%emt 0:00:01]} 51. h6 {[%emt 0:00:03]}
Rc4 {[%emt 0:00:19]} 52. h7 {[%emt 0:00:02]} Rc3+ {[%emt 0:00:00]} 53. Kf2 {
[%emt 0:00:14]} Nd3+ {[%emt 0:00:04]} 54. Ke2 {[%emt 0:00:02]} Nc1+ {[%emt 0:
00:03]} 55. Kd2 {[%emt 0:00:01]} Kb6 {[%emt 0:00:02]} 56. Rg8 {[%emt 0:00:05]}
Nb3+ {[%emt 0:00:01]} 57. Ke2 {[%emt 0:00:02]} Rc2+ {[%emt 0:00:01]} 58. Kf3 {
[%emt 0:00:01]} R8c3+ {[%emt 0:00:01]} 59. Kf4 {[%emt 0:00:02]} Rh2 {[%emt 0:
00:08]} 60. Rb8+ {[%emt 0:00:05]} Ka6 {[%emt 0:00:03]} 61. Kg5 {[%emt 0:00:03]}
Rg3 {[%emt 0:00:07]} 62. h8=Q {[%emt 0:00:02]} Rxh8 {[%emt 0:00:01]} 63. Rxh8 {
[%emt 0:00:00]} Nd2 {[%emt 0:00:00]} 64. Ra8+ {[%emt 0:00:01]} Kb6 {[%emt 0:00:
01]} 65. Rb8+ {[%emt 0:00:01]} Ka6 {[%emt 0:00:01]} 66. Kh4 {[%emt 0:00:03]}
Rg1 {[%emt 0:00:02]} 67. Bc5 {[%emt 0:00:02]} Rh1+ {[%emt 0:00:03]} 68. Kg3 {
[%emt 0:00:05]} Ne4+ {[%emt 0:00:02]} 69. Kg2 {[%emt 0:00:01] Moe der Beste
gibt auf} 1-0